EM Stadien 2024 - Statistiken

Allgemein
  • Dieses Quiz wurde 107 mal gespielt
  • Das Durchschnittsergebnis liegt bei 7 aus 10
Antwortstatistiken
Stadt Stadion % Korrekt
München Allianz-Arena
99%
Berlin Olympiastadion
94%
Dortmund Signal-Iduna Park
89%
Gelsenkirchen Veltins-Arena
78%
Leipzig Redbull Arena
72%
Hamburg Volksparkstadion
71%
Köln Rheinenergie Stadion
62%
Frankfurt am Main Deutsche Bank Park
60%
Düsseldorf Merkur Spiel-Arena
49%
Stuttgart Mhp Arena
34%
Keine übereinstimmenden Quizze gefunden
Verteilung der Resultate
Anzahl Personen mit jedem Resultat
Perzentil nach korrekt beantworteten Fragen
Ihre Resultats-Entwicklung
Sie haben dieses Quiz noch nicht gespielt